000 00320nam a22001337a 4500
008 181102b xxu||||| |||| 00| 0 eng d
020 _a9780495129820
041 _aeng
080 _25th
_a101
100 _a24
101 _aFIL
245 _aEthics theory and contemporary Issues
_cMackinnon,B
942 _2udc
_cBK
999 _c51758
_d51758